Administration and organisation of research : first European Regional Seminar.
Guardado en:
| Autores Corporativos: | , |
|---|---|
| Formato: | Libro |
| Idioma: | English |
| Publicado: |
[Paris] :
Organization for European Economic Co-operation, European Productivity Agency,
1961.
|
| Materias: | |
| Etiquetas: |
Agregar Etiqueta
Sin Etiquetas, Sea el primero en etiquetar este registro!
|
| LEADER | 00809nam a22001815a 4500 | ||
|---|---|---|---|
| 001 | EIQ.libpla000026 | ||
| 008 | 810205s1961####fr############100#0#eng#d | ||
| 005 | 20060503141414.0 | ||
| 245 | 1 | 0 | |a Administration and organisation of research : |b first European Regional Seminar. |
| 260 | |a [Paris] : |b Organization for European Economic Co-operation, European Productivity Agency, |c 1961. | ||
| 300 | |a 107 p. ; |c 24 cm. | ||
| 111 | 2 | |a French Language Seminar on Administration and Organisation of Research, Château de Ménars |n (1th : |d 1960 : |c Paris) | |
| 710 | 2 | |a Organization for European Economic Cooperation. |b European Productivity Agency. | |
| 650 | 0 | |a Investigación |x Congresos. | |
| 650 | 0 | |a Research |x Congresses. | |
| 010 | |a 62046916 | ||
| 040 | |a DLC |c CarP |d AR-BbSID | ||
| 859 | |a AR-BbSID |b BIB. PLAPIQUI |h 001.4 |i or 14 |p 4 | ||
